The economics of innovation : the national and multinational enterprise in technological change

में बचाया:
ग्रंथसूची विवरण
मुख्य लेखक: Parker, J. E. S.
स्वरूप: पुस्तक
भाषा:Undetermined
प्रकाशित: London Longman 1974
विषय:
टैग : टैग जोड़ें
कोई टैग नहीं, इस रिकॉर्ड को टैग करने वाले पहले व्यक्ति बनें!
Thư viện lưu trữ: Trung tâm Học liệu Trường Đại học Cần Thơ
LEADER 00591nam a2200193Ia 4500
001 CTU_98909
008 210402s9999 xx 000 0 und d
082 |a 338.06 
082 |b P238 
100 |a Parker, J. E. S. 
245 4 |a The economics of innovation : 
245 4 |b the national and multinational enterprise in technological change 
245 0 |c J. E. S. Parker. 
260 |a London 
260 |b Longman 
260 |c 1974 
650 |a Technological innovations.,International business enterprises. 
904 |i Năm 
980 |a Trung tâm Học liệu Trường Đại học Cần Thơ